| 000 | 00904nmc a2200301 a 4500 | ||
|---|---|---|---|
| 003 | AR-BaBNM | ||
| 005 | 20251128210626.0 | ||
| 008 | 280020s2000 ||||||||||||||000 | spa|| | ||
| 040 | _cAR-BaBNM | ||
| 100 | 1 |
_aAndruet, Armando S. _chijo |
|
| 245 | 1 | 0 |
_aDeontología del derecho, abogacía y abogados _bestado actual de la cuestión |
| 260 |
_aCórdoba _bAcademia Nacional de Derecho y Ciencias Sociales _c2000 |
||
| 300 | _a287 p. | ||
| 490 | 0 |
_aAcademia Nacional de Derecho y Cienicas Sociales de Córdoba _vv. 18 |
|
| 500 | _aContiene referencias bibliográficas | ||
| 500 | _aIndice onomástico | ||
| 650 | 4 | _aDEONTOLOGIA | |
| 650 | 4 | _aJUSTICIA | |
| 650 | 4 | _aETICA | |
| 650 | 4 | _aRESPONSABILIDAD | |
| 650 | 4 | _aLIBERTAD | |
| 650 | 4 | _aDEBERES | |
| 650 | 4 | _aADMINISTRACION DE JUSTICIA | |
| 650 | 4 | _aFILOSOFIA | |
| 650 | 4 | _aENSEÑANZA UNIVERSITARIA | |
| 942 | _cBK | ||
| 998 | _cMariana | ||
| 999 |
_c16233 _d16233 |
||